[Event "XII Americas Continental-ch 2017"]
[Site "Medellin"]
[Date "2017.06.16"]
[Round "9"]
[White "Ramirez, Alejandro"]
[Black "Bruzon Batista, Lazaro"]
[Result "1/2-1/2"]
[WhiteElo "2552"]
[BlackElo "2650"]
[Annotator "TA"]
[PlyCount "42"]
[EventDate "2017.??.??"]
[EventType "swiss"]
[EventCountry "COL"]
[SourceTitle "playchess.com"]
[Source "ChessBase"]
[SourceQuality "1"]

{[%evp 28,42,2,0,6,0,5,-7,0,0,-1,-2,-5,-7,0,0,0]} 1. e4 e5 2. Nf3 Nc6 3. Bb5 Nf6 4. O-O Nxe4 5. Re1 Nd6 6. Nxe5 Be7 7. Bf1 Nxe5 8. Rxe5 O-O 9. d4 Bf6 10. Re1 Re8 {C67: Ruy Lopez: Berlin Defence: 4 0-0 Nxe4} 11. Rxe8+ (11. c3 Rxe1 12. Qxe1 Ne8 13. Bf4 d5 14. Bd3 g6 15. Nd2 c6 16. Nf3 Ng7 17. Qe2 Bf5 18. Bxf5 Nxf5 {½-½ (64) Topalov,V (2741)-So,W (2822) Shamkir 2017}) 11... Nxe8 12. c3 d5 13. Bd3 c6 14. Bf4 g6 15. Nd2 {LiveBook: 9 Games. The position is equal.} Ng7 16. Nf3 Bf5 17. Be5 Bxd3 18. Bxf6 Qxf6 19. Qxd3 {[#]} Re8 $146 20. Re1 Rxe1+ 21. Nxe1 Qe7 1/2-1/2

[Event "XII Americas Continental-ch 2017"]
[Site "Medellin"]
[Date "2017.06.16"]
[Round "9"]
[White "Morovic Fernandez, Ivan"]
[Black "Fernandez Reyes, Lisandro"]
[Result "0-1"]
[WhiteElo "2537"]
[BlackElo "2402"]
[Annotator "TA"]
[PlyCount "196"]
[EventDate "2017.??.??"]
[EventType "swiss"]
[EventCountry "COL"]
[SourceTitle "playchess.com"]
[Source "ChessBase"]
[SourceQuality "1"]

{[%evp 12,196,47,40,74,72,79,55,65,64,78,75,89,40,44,41,41,37,79,53,43,24,56,65,56,38,45,0,39,37,41,0,10,7,14,-50,-49,-54,-43,-46,-43,-45,-42,-69,-67,-60,-41,-33,-37,-64,-55,-83,-33,-38,0,-63,44,-87,11,0,0,-128,-125,-208,-102,-155,-40,-39,-22,-22,-20,-27,-21,-21,-21,-33,-33,-72,-72,-72,-71,-71,-71,-71,-71,-70,-70,-80,-87,-82,-79,-798,-798,-772,-770,-775,-749,-724,-607,-798,-798,-777,-777,-712,-751,-609,-609,-607,-592,-606,-606,-592,-595,-589,-581,-586,-586,-585,-554,-527,-520,-458,-390,-579,-564,-531,-522,-1362,-1335,-1195,-1243,-1658,-1397,-2121,-2066,-1610,-1160,-29952,-29954,-29958,-29961,-29961,-29957,-29960,-29955,-29963,-29966,-29964,-29961,-29961,-29961,-29958,-29959,-29958,-5441,-29956,-29956,-29952,-29955,-29955,-29957,-29959,-29952,-29958,-29961,-29957,-29961,-29955,-29953,-29967,-29968,-29967,-29969,-29968,-29970,-29970,-29971,-29970,-29971,-29970,-29970,-29969,-29971,-29961,-3670,-29979,-29973]} 1. e4 {[%cal Be2e4,Be4e5][%mdl 32]} Nf6 2. e5 Nd5 3. d4 d6 4. Nf3 g6 5. Bc4 Nb6 6. Bb3 Bg7 7. Qe2 d5 {B04: Alekhine's Defence: 4 Nf3} (7... O-O 8. h3 Nc6 9. O-O dxe5 10. dxe5 Nd4 11. Nxd4 Qxd4 12. Re1 Be6 13. Nd2 Bxb3 14. axb3 a6 15. Nf3 Qd5 16. Bg5 Rfe8 17. Rad1 {1-0 (45) Zhigalko,S (2655)-Tukhaev,A (2564) Minsk 2015}) 8. Bf4 Bf5 $146 ({Predecessor:} 8... Bg4 9. Nbd2 a5 10. c3 a4 11. Bc2 e6 12. O-O O-O 13. h3 Bxf3 14. Nxf3 c5 15. h4 cxd4 16. cxd4 {½-½ (76) Deev,A (2400)-Luethgens,E (2305) Germany 1998}) 9. Nbd2 Nc6 {White is slightly better.} 10. a4 a5 11. c3 h6 12. O-O g5 13. Be3 e6 14. Ne1 {[%cal Bf3e1,Be1g2,Bg2h4][%mdl 32]} Ne7 15. g4 Bg6 16. Ng2 h5 17. Bxg5 hxg4 18. Qxg4 Qd7 19. Nh4 Bh5 20. Qg3 O-O-O 21. Kh1 Rdg8 22. Rg1 Ng6 23. Bc2 (23. Qe3 $11) 23... Bxe5 $1 $15 24. dxe5 {Black must now prevent Bf6.} Nxh4 25. Qxh4 Bg6 26. Qd4 {Hoping for Bxg6.} Bxc2 27. Bf6 Rxg1+ 28. Rxg1 Re8 29. b3 Kb8 30. Rg7 Bg6 31. h4 Qc8 32. Kh2 c5 33. Qf4 (33. Qe3 $11) 33... d4 (33... c4 $1 $15 34. bxc4 Qc5) 34. c4 (34. cxd4 $14 Nd5 35. Qg4) 34... Qc6 (34... Nd7 $1 $17) 35. Qg5 Nd7 36. f3 (36. h5 $11 Nxf6 37. exf6) 36... Nxf6 $17 37. Qxf6 (37. exf6 $17 Rh8 38. Kg2) 37... d3 (37... Qb6 $19 {and Black stays clearly on top.} 38. Ne4 d3) 38. Kg3 Qb6 (38... Ka7 $17 39. Kf4 Qb6) 39. Qg5 $15 Qd8 40. Qxd8+ Rxd8 $11 {[%mdl 4096] Endgame KRB-KRN} 41. f4 Rf8 42. Kg4 $1 Rh8 43. Kg3 $1 Ka7 44. Kg4 Kb6 45. Kg3 Kc6 {...Kd7 is the strong threat.} 46. f5 Bxf5 {Threatens to win with ...Bg6.} ({Reject} 46... exf5 $6 47. e6 $1 $11 {[%mdl 512]}) 47. Rxf7 {[#]} Rg8+ $1 48. Kf2 Rg4 $1 49. Nf3 $1 {[#]} Re4 $1 {[%cal Re4e2] aiming for ...Re2+.} 50. Rf8 Kd7 {And now ...Re2+ would win.} 51. h5 $2 {[%mdl 8192]} (51. Rf7+ $17 Ke8 52. Rxb7) 51... Re2+ $19 52. Kg3 d2 53. Nxd2 Rxd2 {KRB-KR} 54. h6 Rd3+ 55. Kf4 {If White can now play h7! this consolidates a bit.} Rh3 56. Kg5 Rg3+ 57. Kf4 Rg4+ 58. Kf3 Rh4 59. Rf7+ Kc6 60. Rf6 b6 61. Kg3 Rh3+ 62. Kg2 {intending Rxf5!} Rh5 63. Kg3 Kd7 64. Rf7+ Ke8 65. Rb7 Rxh6 66. Rxb6 Kd7 67. Rb5 (67. Kf2 {was the only defense.}) 67... Kc6 68. Kf4 Rh3 69. Kg5 Bc2 70. Rxa5 Rxb3 71. Kf6 Bf5 72. Ra8 Rb4 73. Rc8+ Kd7 74. Rxc5 Rxa4 75. Kf7 Bd3 76. Rb5 Bxc4 77. Rb6 Bd5 78. Rd6+ Kc7 79. Ke7 Ra3 80. Rd7+ Kc6 81. Rd8 Kc5 82. Rg8 Kd4 (82... Re3 $142 83. Kf6 Kd4 84. Rg4+ Re4 85. Rg1 Rf4+ 86. Ke7 Kxe5 87. Re1+ Kf5 88. Kd6 Be4 89. Rc1 Rf3 90. Kc5 Kf4 91. Rc4 e5 92. Ra4 Rd3 93. Rb4 Kf5 94. Rb2 Bd5 95. Rb8 e4 96. Rf8+ Ke5 97. Re8+ Be6 98. Rh8 e3 99. Rh1 Bg4 100. Ra1 e2 101. Kc6 Rd1 102. Ra5+ Kf6 103. Ra6 e1=Q 104. Kb7+ Ke5 105. Rg6 Qb4+ 106. Kc7 Rd7+ 107. Kc6 Qb7+ 108. Kc5 Rc7+ 109. Rc6 Rxc6#) 83. Rg5 Ke4 84. Rh5 Kf4 85. Kf6 Bf3 86. Rh3 Ra2 87. Rh4+ Bg4 88. Rh1 Rf2 89. Re1 Rf3 90. Re2 Rf1 91. Rg2 Kf3 92. Rb2 Ke4+ 93. Kg5 Bd1 94. Rb5 Rf5+ 95. Kg6 Rxe5 96. Rb1 Bg4 97. Kf6 Rd5 (97... Rf5+ $142 98. Kg7 e5 99. Rg1 Kf4 100. Rf1+ Bf3 101. Rc1 e4 102. Rc4 Bh5 103. Ra4 Kf3 104. Ra1 e3 105. Rf1+ Ke4 106. Rh1 e2 107. Ra1 Rf7+ 108. Kh8 Rf1 109. Ra7 e1=Q 110. Rc7 Rf8+ 111. Kh7 Qg3 112. Rg7 Rf7 113. Kh6 Rxg7 114. Kxh5 Rh7#) 98. Kf7 Ke5 {Precision: White = 44%, Black = 70%.} 0-1

[Event "XII Americas Continental-ch 2017"]
[Site "Medellin"]
[Date "2017.06.16"]
[Round "9"]
[White "Cuartas, Jaime Alexander"]
[Black "Fier, Alexandr"]
[Result "1/2-1/2"]
[WhiteElo "2492"]
[BlackElo "2576"]
[Annotator "TA"]
[PlyCount "112"]
[EventDate "2017.??.??"]
[EventType "swiss"]
[EventCountry "COL"]
[SourceTitle "playchess.com"]
[Source "ChessBase"]
[SourceQuality "1"]

{[%evp 17,112,8,10,11,8,8,10,7,4,3,17,0,0,-18,-19,-18,-17,-14,-14,-14,-14,-27,-21,-32,-31,-35,-32,-33,-33,-33,-36,-36,-33,-34,-13,-13,-10,-25,-25,-18,-26,-27,-17,-19,-8,-10,0,0,0,0,0,-12,-12,-10,0,0,0,-19,-12,-19,-20,-20,-19,-22,-23,-25,-24,-52,-44,-33,0,0,0,-8,-8,-24,-16,-15,0,0,0,0,0,0,0,0,0,0,0,0,0,0,0,0,0,0,8]} 1. e4 c5 2. c3 d5 3. exd5 Qxd5 4. d4 Nf6 5. Nf3 e6 6. Bd3 Be7 7. O-O O-O 8. c4 Qd7 9. dxc5 Rd8 10. Bc2 {B22: Sicilian: 2 c3} Qxd1 11. Rxd1 Rxd1+ 12. Bxd1 Bxc5 (12... Nbd7 13. c6 bxc6 14. Nc3 Bb7 15. b3 c5 16. Bf4 Ne4 17. Nxe4 Bxe4 {½-½ (58) Potapov,P (2474)-Hammer,J (2606) Aix les Bains 2011}) 13. Nc3 b6 14. Ne5 $146 ({Predecessor:} 14. a3 Nbd7 15. b4 Be7 16. Bf4 Bb7 17. Be2 a5 18. bxa5 Rxa5 {½-½ (53) Ferron Garcia,C-Veingold,A (2465) Barcelona 1992}) 14... Bb7 $1 15. Be3 Bxe3 16. fxe3 Nbd7 17. Nxd7 Nxd7 18. Be2 Kf8 19. Rd1 Ke7 20. Kf2 Rc8 21. b3 a6 22. Na4 {Black should prevent Rxd7+!} Bc6 23. Nb2 Nc5 24. Bf3 a5 25. Ke2 Be8 26. Nd3 f5 27. Kd2 g5 28. g3 g4 29. Bg2 h5 30. Kc3 h4 31. gxh4 Bf7 32. Ne5 Kf6 33. Nxf7 Kxf7 $11 {[%mdl 4096] Endgame KRB-KRN} 34. a3 {[#] b4 is the strong threat.} Ke7 35. h5 Rh8 36. Bc6 Rc8 37. Bg2 Nd7 38. h3 gxh3 39. Bxh3 Rh8 40. b4 Rxh5 41. Bf1 Rh1 42. Be2 Rh3 43. Kd2 f4 44. exf4 Rxa3 45. bxa5 bxa5 46. Re1 Nc5 {Hoping for ...Ne4+.} 47. Bg4 {The position is equal.} Rd3+ 48. Kc2 Rd4 49. Bxe6 $1 Rxf4 50. Bd5+ Kd6 51. Rb1 $1 a4 52. Kc3 a3 53. Ra1 Rh4 54. Rxa3 Rh3+ 55. Kb4 Rxa3 56. Kxa3 Nd7 {Precision: White = 70%, Black = 76%.} 1/2-1/2

[Event "XII Americas Continental-ch 2017"]
[Site "Medellin"]
[Date "2017.06.16"]
[Round "9"]
[White "Hungaski, Robert Andrew"]
[Black "Ortiz Suarez, Isan Reynaldo"]
[Result "1-0"]
[WhiteElo "2492"]
[BlackElo "2570"]
[Annotator "TA"]
[PlyCount "108"]
[EventDate "2017.??.??"]
[EventType "swiss"]
[EventCountry "COL"]
[SourceTitle "playchess.com"]
[Source "ChessBase"]
[SourceQuality "1"]

{[%evp 17,108,27,47,47,46,46,42,26,31,25,19,5,26,30,50,32,66,34,43,43,39,33,51,51,54,36,54,54,60,32,25,25,25,26,43,28,29,42,45,39,27,0,0,0,0,0,0,0,0,0,0,0,0,0,0,0,0,0,11,8,27,33,87,80,87,87,466,422,436,416,635,607,760,737,612,584,954,954,954,954,911,752,6636,11490,5422,4845,2815,2106,29947,10785,29977,29978,29984]} 1. Nf3 d5 2. d4 Nf6 3. c4 e6 4. Nc3 c6 5. g3 Be7 6. Bg2 O-O 7. O-O Nbd7 8. Nd2 b6 {E07: Closed Catalan: Main Line (5 Nf3 0-0 6 0-0 Nbd7)} 9. e4 {[%cal Be2e4,Be4e5][%mdl 32]} Bb7 {LiveBook: 8 Games} (9... dxc4 10. Nxc4 Ba6 11. b3 b5 12. Ne3 b4 13. Ne2 Nb6 14. Bb2 c5 15. d5 Ne8 16. Re1 exd5 17. exd5 {1-0 (49) Wang,H (2717)-Shomoev,A (2561) Ho Chi Minh City 2016}) 10. cxd5 $146 ({Predecessor:} 10. e5 Ne8 11. f4 Nc7 12. cxd5 cxd5 13. g4 f6 14. Nf3 b5 15. Be3 Nb6 16. b3 {1-0 (34) Kekelidze,M (2516)-Ivanov,M (2447) Cannes 2006}) 10... cxd5 {White is slightly better.} 11. e5 Ne8 12. f4 b5 {[%cal Bb6b5,Bb5b4][%mdl 32]} 13. Nf3 b4 14. Ne2 Nb6 15. g4 f6 16. b3 Nc7 17. Be3 f5 18. gxf5 exf5 19. Qd2 Qd7 20. Ne1 Ba6 21. Nd3 Qb5 22. Rfd1 Rac8 23. Bf1 Qxd3 24. Qxd3 Bxd3 25. Rxd3 Ne6 26. Rd2 g5 27. Bh3 g4 28. Bg2 h5 29. Rc1 Rxc1+ 30. Nxc1 Rc8 31. Ne2 Kf7 32. Rd1 Rc2 33. Rd2 Rc7 34. Rd1 Bf8 35. Rc1 Rxc1+ 36. Nxc1 Bh6 37. Nd3 a5 38. Kf2 Kg6 39. Kg3 Kf7 ({Better is} 39... Nc7 $14) 40. h3 $16 Nc7 41. Nc5 Nb5 $2 {[%mdl 8192] [#]} (41... Bf8 $16 42. Nb7 a4) 42. hxg4 $18 hxg4 43. Na4 Nxa4 (43... Nd7 $142 44. Bxd5+ Ke7) 44. Bxd5+ ({And not} 44. bxa4 Nc3 $17) 44... Ke7 45. bxa4 {[%mdl 4096] Endgame KBB-KBN} Nc3 46. Bc4 Nxa4 47. d5 {[%cal Bd4d5,Bd5d6][%mdl 32]} Nc3 48. d6+ Kd7 49. Bd3 Ne4+ 50. Bxe4 fxe4 51. Bd2 Bf8 52. Kxg4 Ke6 53. Kg5 Bg7 54. f5+ Kxe5 {Precision: White = 73%, Black = 45%.} 1-0

[Event "XII Americas Continental-ch 2017"]
[Site "Medellin"]
[Date "2017.06.16"]
[Round "9"]
[White "Quintiliano Pinto, Renato R"]
[Black "Valenzuela Gomez, Fernando"]
[Result "0-1"]
[WhiteElo "2483"]
[BlackElo "2377"]
[Annotator "TA"]
[PlyCount "92"]
[EventDate "2017.??.??"]
[EventType "swiss"]
[EventCountry "COL"]
[SourceTitle "playchess.com"]
[Source "ChessBase"]
[SourceQuality "1"]

{[%evp 18,92,0,0,0,-25,-22,-27,-34,-39,-38,-99,-100,-120,-113,-111,-126,-121,-111,-122,-109,-151,-154,-157,-155,-149,-114,-99,-107,-119,-121,-100,-98,-112,-112,-114,-96,-271,-256,-311,-289,-295,-200,-200,-200,-261,-252,-254,-234,-217,-214,-214,-160,-165,-165,-168,-169,-216,-216,-232,-232,-222,-225,-232,-154,-232,-232,-216,-216,-254,-208,-641,-625,-29981,-29982,-29984,-29973]} 1. d4 Nf6 2. Nf3 g6 3. Bf4 Bg7 4. c3 O-O 5. h3 d6 6. e3 c5 7. dxc5 {A48: 1 d4 Nf6 2 Nf3 g6: Torre, London and Colle Systems} dxc5 8. Qxd8 Rxd8 {[%cal Bf8d8,Bd8d7,Bd7b7,Bb7b5][%mdl 32]} 9. Bc7 Rd7 10. Bh2 {LiveBook: 7 Games} Nc6 $146 ({Predecessor:} 10... Rd8 11. Nbd2 b6 12. a4 Nc6 13. Bc4 Na5 14. Be2 Bb7 {½-½ (29) Perelshteyn,E (2489)-Zhou,J (2630) Atlantic City 2016}) 11. Bb5 (11. Nbd2 {keeps more tension.} b6 12. Bb5 Bb7 13. Nc4 Rd5 14. O-O) 11... a6 12. Bxc6 bxc6 13. Nbd2 Rb7 $1 14. Nc4 (14. Nb3 $15) 14... Be6 $17 15. Nfd2 {[#]} Ne4 $1 {[%cal Re4d2][%mdl 512] Hoping for ...Nxd2.} 16. Nxe4 Bxc4 17. O-O-O Bxa2 18. Nxc5 Rb5 19. Nd3 Bb3 20. Rd2 a5 21. Ne1 a4 {And now ...a3 would win.} 22. Nc2 {[#]} a3 $1 {[%mdl 512]} 23. Nxa3 {[#]} (23. bxa3 Bxc3) 23... Bxc3 $1 {[%mdl 512]} 24. Rd3 {[#]} (24. bxc3 Rxa3) 24... Bf6 $1 $36 {[%mdl 2048] ...Bd5 is the strong threat. Black is in control.} 25. Nxb5 Ra1+ 26. Kd2 Rxh1 27. Nd4 $2 (27. Rxb3 $17 Rxh2 28. Nc3) 27... Bd5 $19 ({Resist} 27... Rxh2 28. Rxb3 Rxg2 29. Ke1 $17) 28. Bg3 Bxg2 29. h4 Bd5 30. Rc3 h5 31. Rc2 Bxh4 32. Bxh4 Rxh4 33. Nxc6 Bxc6 34. Rxc6 {[%mdl 4096] Endgame KR-KR} Rb4 35. Kc3 Rb8 36. b4 Kg7 37. Rc4 g5 38. Kd3 Kg6 39. Ke2 h4 40. Kf3 Rb6 41. Kg2 (41. Kg4 $17) 41... e6 {[%cal Be7e6,Be6e5][%mdl 32]} 42. Kh3 Kh5 43. f3 f5 44. Rd4 $2 (44. Kg2) 44... Rc6 45. b5 Rc2 46. Rb4 e5 {Precision: White = 45%, Black = 80%.} 0-1

[Event "XII Americas Continental-ch 2017"]
[Site "Medellin"]
[Date "2017.06.16"]
[Round "9"]
[White "Tang, Andrew"]
[Black "Bachmann, Axel"]
[Result "0-1"]
[WhiteElo "2461"]
[BlackElo "2653"]
[Annotator "TA"]
[PlyCount "112"]
[EventDate "2017.??.??"]
[EventType "swiss"]
[EventCountry "COL"]
[SourceTitle "playchess.com"]
[Source "ChessBase"]
[SourceQuality "1"]

{[%evp 20,112,20,20,22,14,22,10,25,0,0,0,0,16,84,64,78,0,0,0,0,0,0,-83,-84,-73,-35,-29,-3,-14,-11,-41,-35,-35,0,-60,-63,-137,-65,-127,-121,-111,-115,-121,-117,-131,-41,-40,8,-27,0,-70,-95,-140,-140,-142,-85,-86,-103,-101,-102,-102,-100,-96,-77,-77,-76,-77,-79,-77,-18,-51,-24,-24,-24,-80,-80,-80,-95,-74,-74,-88,-83,-166,-153,-954,-791,-679,-275,-1379,-980,-2312,-2312,-29974,-29974]} 1. d4 g6 2. Bf4 Bg7 3. Nf3 Nf6 4. e3 O-O 5. h3 d6 6. Be2 b6 7. O-O c5 8. c3 Bb7 9. Nbd2 Nbd7 10. a4 a6 11. Qb3 Rc8 {A48: 1 d4 Nf6 2 Nf3 g6: Torre, London and Colle Systems} 12. Rfd1 Rc7 13. Bh2 Qa8 {The position is equal.} 14. c4 cxd4 $1 15. exd4 Re8 16. a5 $146 ({Predecessor:} 16. Bf1 Rcc8 17. d5 a5 18. Qe3 e6 19. dxe6 Rxe6 20. Qb3 {0-1 (51) Pham,L (2319)-Ehlvest,J (2535) Berlin 2015}) 16... bxa5 (16... b5 $1 $11 {remains equal.}) 17. Rxa5 $16 e5 18. c5 (18. dxe5 $16 dxe5 19. Qa3) 18... exd4 $1 $11 19. cxd6 Rc5 20. Rxc5 Nxc5 21. Qc4 (21. Qa3 $11) 21... Nfd7 $1 $36 {[%mdl 2048] Black has strong initiative.} 22. Bf1 Bd5 23. Qb4 Rb8 24. Qa3 Qb7 25. Bc4 (25. Ne5 $5) 25... Bxc4 26. Nxc4 Qe4 27. Nfd2 (27. b4 $11 Qe2 28. Re1 Qxc4 29. bxc5) 27... Qc2 $15 28. Qf3 {[#]} (28. Rf1 $15) 28... Bh6 (28... Rb4 $1 $17 29. Re1 Rxc4 30. Nxc4 Qxc4) 29. Bg3 (29. Ne5 $1 $15 Nxe5 30. Bxe5) 29... Bxd2 30. Nxd2 Rxb2 31. Kh2 Rb8 32. Bf4 Re8 ({Better is} 32... a5 $17 33. Bh6 Ne6) 33. Bh6 $1 Qa4 34. Rc1 Qb5 35. Ne4 (35. Rb1 $11 Qe2 36. Qxe2 Rxe2 37. Nb3 Nxb3 38. Rxb3) 35... Ne6 $1 ({Much worse is} 35... Nxe4 $6 36. Qxe4 Qe5+ 37. Qxe5 $11) 36. Nf6+ Nxf6 37. Qxf6 {Black must now prevent Rc7!} Qd7 (37... Qd5 $142 38. Qe7 Rd8) 38. Bf4 $17 Nxf4 39. Qxf4 {[%mdl 4096] Endgame KQR-KQR} Re6 {Threatens to win with ...d3.} 40. Qxd4 {White wants to play Rd1.} Rxd6 41. Qe5 h5 42. Rb1 Rc6 43. Rb8+ Rc8 44. Rb6 Ra8 ({Black should play} 44... Re8 $17 45. Qc3 Qa4) 45. Rd6 Qf5 (45... Qb5 {seems wilder.} 46. Qd4 a5 47. Rb6 Qe8 48. f4 a4) 46. Qxf5 gxf5 $11 {KR-KR} 47. Kg3 {[#]} (47. Rd4 $11) 47... a5 $1 $17 {[%cal Ba6a5,Ba5a4,Ba4a3,Ba3a2][%mdl 32]} 48. Kf4 a4 49. Kxf5 a3 50. Rd1 Kg7 51. Kg5 (51. Ra1 $17 {was called for.}) 51... Ra5+ $19 52. Kh4 $2 (52. Kf4 $17) 52... a2 53. Ra1 Kg6 (53... Kf6 $142 54. f3 Ke6) 54. g4 $2 (54. Kg3 Ra3+ 55. Kf4) 54... Ra4 55. f4 hxg4 56. hxg4 Ra3 {Precision: White = 25%, Black = 46%.} 0-1

[Event "XII Americas Continental-ch 2017"]
[Site "Medellin"]
[Date "2017.06.16"]
[Round "9"]
[White "Valderrama Quiceno, Esteban Alb"]
[Black "Shabalov, Alexander"]
[Result "1/2-1/2"]
[WhiteElo "2413"]
[BlackElo "2556"]
[Annotator "TA"]
[PlyCount "62"]
[EventDate "2017.??.??"]
[EventType "swiss"]
[EventCountry "COL"]
[SourceTitle "playchess.com"]
[Source "ChessBase"]
[SourceQuality "1"]

{[%evp 15,62,1,12,4,6,4,20,0,17,0,4,1,1,0,0,0,8,-6,0,-4,22,11,20,22,72,66,68,67,84,85,96,85,94,90,118,0,84,91,96,79,84,69,97,66,66,41,54,40,42]} 1. Nf3 d6 2. d4 Bg4 3. e4 Nf6 4. Nc3 e6 5. Be2 Be7 6. O-O O-O 7. Be3 d5 8. exd5 exd5 9. Re1 $146 {A41: 1 d4 d6: Tartakower System and Modern Defence} ({Predecessor:} 9. Ne5 Bxe2 10. Nxe2 Nbd7 11. Ng3 Bd6 12. Bf4 Re8 13. Nd3 Bxf4 14. Nxf4 Nf8 15. Re1 Rxe1+ 16. Qxe1 Qd6 17. Nd3 Re8 18. Qa5 Qb6 {½-½ (18) Andersson,U (2625)-Speelman,J (2630) Lyon 1991}) 9... c6 10. h3 Bf5 (10... Bxf3 $5 11. Bxf3 Bd6 $11) 11. Bd3 {The position is equal.} (11. Nh4 $5 {[%cal Rh4f5]} Be6 12. Nf3 $11) 11... Bg6 12. Ne5 Nbd7 {[%cal Bb8d7,Bd7f8,Bf8e6][%mdl 32]} 13. Nxg6 hxg6 14. Bf4 Re8 15. Ne2 Nf8 16. c3 Ne6 17. Be5 $36 {[%mdl 2048] Black is under pressure.} Nh5 18. Ng3 Nhf4 19. Bc2 Bg5 20. Qg4 Bh6 21. h4 Qb6 ({Avoid the trap} 21... f5 $2 {[#]} 22. Bxf5 $1 {[%mdl 512]} gxf5 23. Nxf5 $18) 22. Rab1 c5 23. dxc5 Qxc5 24. Rbd1 Qb5 25. Rb1 (25. Bb3 $16) 25... Rac8 (25... Qc5 $11) 26. h5 $16 gxh5 27. Nxh5 Nxh5 28. Qxh5 d4 {next ...d3 is good for Black.} 29. a4 Qc5 {White is slightly better.} 30. Qf3 dxc3 31. Bxc3 Nd4 {Precision: White = 49%, Black = 61%.} 1/2-1/2

[Event "XII Americas Continental-ch 2017"]
[Site "Medellin"]
[Date "2017.06.16"]
[Round "9"]
[White "Valdes Romero, Leonardo"]
[Black "Mekhitarian, Krikor Sevag"]
[Result "1-0"]
[WhiteElo "2407"]
[BlackElo "2542"]
[Annotator "TA"]
[PlyCount "94"]
[EventDate "2017.??.??"]
[EventType "swiss"]
[EventCountry "COL"]
[SourceTitle "playchess.com"]
[Source "ChessBase"]
[SourceQuality "1"]

{[%evp 20,94,2,-8,6,0,21,21,24,20,125,120,119,112,127,126,135,110,131,131,137,127,186,155,312,210,393,393,398,397,390,251,243,243,243,251,250,252,245,249,250,250,288,287,295,302,302,293,311,313,310,304,290,196,196,196,196,196,196,196,383,383,383,383,383,383,523,316,607,383,531,312,495,294,733,697,1006]} 1. d4 Nf6 2. Nf3 e6 3. g3 d5 4. Bg2 b5 5. O-O Be7 6. b3 Nbd7 7. c4 c6 8. Qc2 O-O 9. Nbd2 bxc4 10. bxc4 Ba6 11. Re1 Bb4 {E09: Closed Catalan: Main Line: 7 Qc2 c6 8 Nbd2} (11... Rb8 12. c5 Re8 13. Bb2 Bf8 14. Bc3 g6 15. e3 Bg7 16. Rab1 Rxb1 17. Rxb1 Qa8 18. Bf1 Bxf1 19. Kxf1 {½-½ (48) Ruck,R (2572)-Duda,J (2587) Ruzomberok 2014}) 12. Rb1 Ba5 $146 ({Predecessor:} 12... c5 13. cxd5 Nxd5 14. dxc5 Bxc5 15. Bb2 Bb4 16. e4 Rc8 17. Qa4 Nc5 18. Qd1 Nc3 19. Bxc3 Bxc3 {0-1 (35) Uusi,G-Kremenietsky,A Parnu 1973}) 13. Ba3 Re8 $1 {The position is equal.} 14. Rec1 Rc8 {[#]} (14... Nb6 $11) 15. Qa4 $1 $16 {Black must now prevent Nb3.} dxc4 16. Nxc4 Bxc4 17. Qxc4 Bb6 18. Rc2 h6 19. e3 c5 {[#]} 20. Rbc1 $1 (20. dxc5 $6 Bxc5 21. Bb2 (21. Bxc5 Rxc5 22. Qd3 Qc7 $11) 21... Be7 $14) 20... Rc7 (20... e5 $16 {was called for.} 21. Nxe5 (21. dxc5 Bxc5 22. Qe2 Qb6 $14) 21... Nxe5 22. dxe5 Rxe5) 21. Qa4 {[%cal Rd4c5]} ({Don't play} 21. dxc5 $6 Bxc5 22. Bb2 Bd6 $14) 21... Qc8 $2 (21... cxd4 $16 {might work better.} 22. Rxc7 (22. Nxd4 Rxc2 23. Rxc2 Bxd4 $14) 22... Bxc7) 22. Ne1 e5 $2 (22... cxd4 23. Rxc7 (23. exd4 Rxc2 24. Rxc2 Qd8 $14) 23... Bxc7) 23. dxc5 $18 Nxc5 24. Bxc5 Bxc5 25. Nd3 {[%cal Rc2c5]} Bb6 26. Rxc7 Bxc7 27. Qxa7 Bb8 28. Rxc8 Bxa7 29. Rxe8+ Nxe8 30. Nxe5 {[%mdl 4096] Endgame KBN-KBN} Nd6 31. a4 {[%cal Ba2a4,Ba4a5,Ba5a6][%mdl 32]} f6 32. Nc6 Bc5 33. a5 Kf8 34. a6 Nb5 35. Bf1 Na7 36. Nxa7 Bxa7 {KB-KB} 37. Kg2 Ke7 38. Bd3 Ke6 39. Kf3 f5 $2 (39... Kd6 {was necessary.} 40. Kg4 Ke7) 40. h3 {[%cal Bh2h3,Bh3h4][%mdl 32]} Ke5 41. h4 Bb6 42. Bb5 Ba7 43. Ke2 Bb6 $2 (43... Kd6 44. Bd3 g6) 44. Kd3 Ba7 45. Ba4 Bb6 (45... Kd6 $142 46. Ke2 Kc5) 46. Bc2 (46. h5 $142 Kd5 47. Bd7) 46... Ba7 $2 (46... g5 47. f4+ gxf4) 47. h5 Bb6 {Precision: White = 76%, Black = 22%.} 1-0